000 00345nam a2200145Ia 4500
008 231217s9999 xx 000 0 und d
041 _aEnglish
082 _a001.6424SOL SUN;1 R
100 _aSunsoft
245 0 _aSolaris porting guide
260 _c1995
_bSunsoft
_aUS
300 _axlvi, 696
650 _aSolaros,porting
942 _cAA
999 _c182438
_d182438